00855nam a2200181 a 450000100100000000500170001000800410002702000150006804000250008324500210010826000610012930000450019050001110023571000940034695201050044095201110054599900170065600004405420201002045123.0140514s1992 sp abd 000 0 spa d a8487243312 aDO-SdBNPbspacBNPHU00aEspaña 1992 /. a[Madrid] :bMinisterio del Portavoz del Gobierno,c1992. a344 p. :bil., gráfs., mapas ;c24 cm. acoordinación y textos Dirección General Técnica y de Servicios, Ministerio del Portavoz del Gobierno2 aDirección General Técnica y de Servicios, Ministerio del Portavoz del Gobierno972036 001050718MOaGRbGRcCTd2014-05-14iLF1l0o p44054-10r2020-06-25w2020-06-25y1ZNo se presta 001050718MOaGRbGRcCTd2014-05-26iLF1l0o p44054-20r2020-06-25te. 2w2020-06-25y1ZNo se presta c43543d43543